000
00254nam a2200097Ia 4500
008
231107s1996 xx 000 0 und d
041
_a
eng
100
_a
Barry R.
245
_a
Construction of Building
260
_a
New Delhi
_b
East-West Press Pvt.Ltd.
_c
1996
999
_c
923050
_d
923050